000
00293nam a22001217a 4500
008
180928b xxu||||| |||| 00| 0 eng d
041
_a
eng
080
_a
821
100
_a
21
101
_a
GJU
245
_a
The literature Of the American Realistic Period
_c
Burbank.R
942
_2
udc
_c
BK
999
_c
48648
_d
48648